Sanierungsstrategien Mit strategischer Planung aus der Unternehmenskrise

Saved in:
Bibliographic Details
Main Author: Turnheim, Georg
Format: Book
Language:German
Published: Wien Manz 1988
Edition:1. Aufl.
Subjects:
Tags: Add Tag
No Tags, Be the first to tag this record!

MARC

LEADER 00000nam a2200000 4500
001 c001443
005 20221219111742.9
020 |a 3-214-08212-4 
041 0 |a ger 
044 |a AT 
245 1 0 |a Sanierungsstrategien  |b Mit strategischer Planung aus der Unternehmenskrise  |c Georg Turnheim 
250 |a 1. Aufl. 
264 1 |a Wien  |b Manz  |c 1988 
300 |a 220 s. 
610 2 0 |a revitalizácia 
610 2 0 |a plánovanie strategické 
610 2 0 |a podnik 
610 2 0 |a kríza 
610 2 0 |a manažment 
610 2 0 |a spoločnosti holdingové 
610 2 0 |a etika 
610 2 0 |a kontroling 
610 2 0 |a organizácia 
610 2 0 |a metóda ABC 
610 2 0 |a metóda Delfy 
610 2 0 |a PIMS 
100 1 |a Turnheim, Georg